MDQL
is popping MORE tags! Check the
thread
!
Quizzes
Events
Quiz Creation
Community
Videos
Private Events
Remove Ads
Sign In
Join for FREE
Feedback
Dark Mode
Quiz Categories
Sports
Geography
Music
Movies
Television
Just For Fun
Miscellaneous
History
Literature
Language
Science
Gaming
Entertainment
Religion
Holiday
For Kids
Quiz Lab
Recent
Popular Today
Quiz Kudos Today
Editor Picks
Curator Picks
Quizzes by...
Day
Popularity
Type
Ratings
Length
Year
Community
Subscriptions
Recent Discussions
Orange Saloon
Badges
Playlists
Quests
Create
Leaderboards
Showdown
Live 5
Trivia Bingo
Activity
Puzzle Library
Sporcle Events
Private Events
Virtual Trivia
Globe League
Become a Host
Pub Owners
SporcleCon
Opinionation
Our Games
Videos
Blog
Mobile Apps
Partnerships
Remove Ads and Go Orange
Feedback
Television
TV Characters
TV Show
Sitcom
Network
Friends
Reality Shows
Cast
South Park
Star Trek
The Simpsons
Doctor Who
Television
TV Characters
TV Show
Sitcom
Network
Friends
Reality Shows
Cast
South Park
Star Trek
The Simpsons
Doctor Who
Random Quiz
Search Sporcle
×
Quiz Lab
Quiz Lab
Television
Twilight Zone
Type in answers that appear in a list
Type in answers that appear in a list
Classic
Best Score? Go Orange.
Twilight Zone Episode by FML Stats
Can you name the Twilight Zone Episode by FML
By
CMIPalaeo
10m
20 Questions
106 Plays
106 Plays
106 Plays
Comments
Comments
Give Quiz Kudos
Give Quiz Kudos
-
- Ratings
hide this ad
Forced Order
Answers have to be entered in order
Answers have to be entered in order
Random Order
Randomize order of answers
Randomize order of answers
Replay
Link that replays current quiz
Next Quiz
Link to next quiz in quiz playlist
You Got
0%
They Got
Avg Score
60%
Avg Friend Score
Upgrade to see
Score Distribution
Jump to the score distribution portion of the page
Score
0/20
Timer
10:00
0
Plays Today
FML
Episode
% Correct
Finally have time to read... but my glasses broke! FML
Time Enough at Last
90.6%
I met Martians today. They're very hospitable... so hospitable that they've put me in a zoo and won't let me leave. FML
People Are Alike All Over
77.4%
Came home late. To a lion in my bedroom. FML
The Jungle
73.6%
Having a turbulent flight... looked out the window and saw a dinosaur. FML
The Odyssey of Flight 33
70.8%
All my friends regained their youth but I didn't because I was too grouchy to go along with their plans. FML
Kick the Can
69.8%
My daughter goes missing in the middle of the night. My physicist friend explains she's fallen into another dimension. FML
Little Girl Lost
69.8%
Met the only woman I've seen in ages. She's an enemy soldier. FML
Two
68.9%
On my honeymoon, and my husband just got a promotion! Yay! Except now he's obsessed with a stupid fortune-
teller machine. FML
Nick of Time
66%
I have a watch that lets me stop and freeze everything else in the world, and I just broke it while everyone was frozen in time. FML
A Kind of Stopwatch
64.2%
I just saw a friendly alien get killed, and the cure for cancer get destroyed. FML
The Gift
62.3%
FML
Episode
% Correct
Just lost my power of super-
strength... on national TV. FML
Mr. Dingle, the Strong
61.3%
Just got life in prison rather than the electric chair. Unfortunately, I'm immortal. FML
Escape Clause
57.5%
Just found out my parents aren't my real parents... because I'm a robot. FML.
The Lateness of the Hour
54.7%
We landed on another planet... inside one of the giant natives' homes. FML
The Invaders
50.9%
Woke up. At my funeral. FML
The Last Rites of Jeff Myrtlebank
50.9%
My friend is rolling the dice with a gangster... but he won't listen when I tell him my powers that have kept him winning are running out! FML
The Prime Mover
50%
Let myself grow old to be with the woman I love... returned from my spaceflight to find she'd stayed young for me. FML
The Long Morrow
50%
My own reflection is telling me I'm a loser! FML
Nervous Man in a Four-Dollar Room
49.1%
My wish to be wealthy finally came true! Then the taxman came. FML
The Man in the Bottle
39.6%
Travel back in time. No electrical appliances, no cars... FML
Once Upon a Time
27.4%
Quiz Playlist
Details
Report
Send in Message
Add To Playlist
Classic:
Type in answers that appear in a list
Forced Order:
Answers have to be entered in order
Random Order:
Randomize order of answers
Last Updated: Feb 16, 2017
Quiz Scoreboard
CHALLENGE
Sign Up to Join the Scoreboard
Show All
Scores
Hide
Comments
May contain spoilers
Recently Published
Find the 'City' Movie
by crazypaving
Movies
60s
5x2 Blitz: Bands
by SL_Kpop136
Music
30s
Colored Red Africa Blitz
by spor1
Geography
30s
More to Explore
Quiz From the Vault
Featured Blog Post
14 Easter Pick-up Lines to Find Eggs With
hide this ad
You Might Also Like...
Tags
Twilight Zone
Today's Top Quizzes in Television
Browse Television
hide this ad
Today's Top Quizzes in Twilight Zone
Browse Twilight Zone
Top Contributed Quizzes in Television
1
Survivor Journey Challenge
2
Brooklyn Nine Nine Logic Puzzle (How-To-Play)
3
Total Drama Characters
4
Phoebe Buffay Quotes
5
Survivor Trivia
6
Survivor Logic Puzzle: Heroes vs. Villains
7
Emmerdale Characters (from August 2012)
8
One Tree Hill Logic Puzzle
9
Adjectives in 00s TV Shows
10
All US Survivor Seasons in Order
Explore More
Trending Topics
Anime
Disney
Crossword
Kpop
Marvel
NBA
Harry Potter
Song
Soccer
Pokémon
Country
NFL
WWE
The Office
Puzzle
hide this ad
More By:
CMIPalaeo
Quiz
Plays
Rating
Category
Featured
Created
Small Carnivorans Slideshow
13,371
4.44
Science
Feb 9, 2017
One-Second Beatles
4,659
4.55
Music
Jul 8, 2015
Doctor Who or The Twilight Zone?
2,721
4.50
Television
Jan 18, 2016
Steven Universe Gem Fusions
2,675
4.88
Television
Jul 18, 2015
Geologic Time Multiple Choice
2,675
3.33
Science
Sep 7, 2016
Go to Creator's Profile
Score Distribution
Quiz Creator Spotlight
CMIPalaeo
Follow
Send a Message
Quizzes Created
-
Created Quiz Play Count
-
More By This Creator
Popular Quizzes Today
1
Colored Red Africa Blitz
2
Find the 'City' Movie
3
Find the US States - No Outlines Minefield
4
5x2 Blitz: Bands
5
The Countries of the World
6
Find the US States
7
US States
8
Find the Countries of Europe - No Outlines Minefield
More Television Quizzes
Missing Word: 1960s TV Shows
Quiz Lab
Trending Quizzes
Colored Red Europe Blitz I
Colored Red Europe Blitz II
Colored Red Africa Blitz II
Colored Red Europe Blitz III
Colored Red Africa Blitz III
Recently Updated
How Do You Spell That?
pecheneg
Godzilla Movies
pecheneg
Grab Bag: 4-10 Letters
pecheneg
2024 March Madness Bracket
pecheneg
Famous TV Couples
Peacemaker
Champions League XIs: Real Madrid
pecheneg
Largest US Cities 1790-2010
pecheneg
Rides in Walt Disney World
pecheneg
Most Oscar Losses (Acting)
pecheneg
Beyoncé Albums
pecheneg
Trending Topics
Kpop
Crossword
Disney
Anime
Marvel
NBA
Harry Potter
Soccer
Pokémon
The Office
WWE
Country
NFL
Song
Puzzle
Your Account Isn't Verified!
In order to create a playlist on Sporcle, you need to verify the email address you used during registration. Go to your
Sporcle Settings
to finish the process.
Report this User
Report this user for behavior that violates our
Community Guidelines
.
Details:
Send Report
Go to the Sporcle.com Mobile Site →
Comments